Stockport County Trivia - Statistics

General Stats
  • This quiz has been taken 21 times
  • The average score is 8 of 16
Answer Stats
Question Answer % Correct
Who is the current manager of Stockport County? Dave Challinor
88%
Which former Stockport County player returned as manager and guided the club to the National League title in 2022 and the League Two title in 2024? Dave Challinor
88%
What is the name of Stockport County’s stadium? Edgeley Park
88%
What is Stockport County’s nickname? The {Hatters}
82%
Who is the current captain of Stockport County? Lewis Bate
71%
Who is Stockport County’s record signing, arriving from Peterborough United for around £1m in 2025? Malik Mothersille
71%
With which clubs does Stockport County contest the Cheshire Derbies? Crewe Alexandra
59%
Who is Stockport County's longest-serving manager, taking charge of 686 matches across three spells at the club? Jim Gannon
47%
Which club did Stockport County beat 3-2 to win the 2008 League Two Play-Off Final? Rochdale
47%
Stockport County was founded in 1883 under what name? Heaton Norris Rovers
41%
With which clubs does Stockport County contest the Cheshire Derbies? Altrincham
24%
Which Englishman is Stockport County’s record goalscorer with 132? Jack Connor
24%
Who is Stockport County’s record sale, joining Brentford for £1.6m in 1998? Alun Armstrong
18%
In the 1997/98 season, who was Stockport County's top scorer, with 18 goals, as they recorded their best ever league finish of 8th in the First Division? Brett Angell
18%
Which Englishman is Stockport County’s record appearance-maker with 555? Andy Thorpe
12%
Who was Stockport County's goalkeeper when they won nine league matches in succession without conceding a goal, a Football League record? Wayne Hennessey
12%
No matching quizzes found
Score Distribution
Percent of People with Each Score
Percentile by Number Answered
Your Score History
You have not taken this quiz